[Event "Floripa Chess Open 2024"]
[Site "Florianopolis"]
[Date "2024.01.22"]
[Round "4.38"]
[White "Cerrato, Alex"]
[Black "Tomiello, Lucas Costamilan"]
[Result "0-1"]
[WhiteElo "1884"]
[BlackElo "2306"]
[PlyCount "96"]
[EventDate "2024.01.20"]
[EventRounds "10"]
[EventCountry "BRA"]

1. d4 Nf6 2. Nc3 d5 3. Bf4 a6 4. e3 e6 5. Nf3 c5 6. Ne5 Nc6 7. g4 ({RR} 7. Na4
Qa5+ 8. c3 Nxe5 9. Bxe5 Nd7 10. Bg3 cxd4 11. exd4 b5 12. Nc5 Nxc5 13. dxc5 b4
14. Bd3 bxc3 15. O-O cxb2 16. Rb1 Bxc5 17. Be5 O-O 18. Bxh7+ Kxh7 19. Qh5+ Kg8
20. Bxg7 Kxg7 21. Qg5+ Kh7 {Firouzja,A (2777)-Andreikin,D (2729) chess.com INT
2023 1/2-1/2}) 7... cxd4 8. exd4 Bb4 ({RR} 8... Qb6 9. Nxc6 bxc6 10. Na4 Qa5+
11. c3 e5 12. dxe5 Nxg4 13. Be2 h5 14. f3 Nh6 15. O-O Be6 16. b4 Qd8 17. Kh1
Nf5 18. Rg1 Be7 19. Nc5 g5 20. Bd2 g4 21. Bf4 Bxc5 22. bxc5 Qh4 23. Bg3 {
Necula,I (1882)-Guerb,L (2295) chess.com INT 2023 1-0}) 9. f3 $146 ({RR} 9. Bg2
O-O 10. O-O Nxe5 11. dxe5 Nd7 12. Ne2 b6 13. Nd4 Bb7 14. c3 Be7 15. Bg3 Bh4 16.
f4 Bxg3 17. hxg3 b5 18. g5 Rc8 19. a3 Qb6 20. Kh2 a5 21. Qd3 Ba6 22. b4 Qc7 23.
Rac1 Qc4 {Gelman,A (2403)-Kaasen,T (2386) chess.com INT 2020 1-0 (39)}) ({RR} 
9. Bg2 Ne4 10. Bxe4 dxe4 11. Nxc6 bxc6 12. a3 Ba5 13. b4 Bb6 14. Nxe4 O-O 15.
c3 Qd5 16. Qf3 Bb7 17. Nd2 Qd7 18. Nc4 Ba7 19. Na5 Rfe8 20. O-O Rac8 21. h3 Ba8
22. Qg3 Qd5 23. Kh2 Red8 {Sadykov,R (2345)-Rostovtsev,D (2163) chess.com INT
2021 1/2-1/2 (93)}) 9... O-O 10. Qd2 Nd7 11. Nxc6 bxc6 12. a3 Qa5 13. O-O-O
Bxa3 14. Nb1 Qxd2+ 15. Rxd2 Be7 16. Nc3 c5 17. dxc5 Bxc5 18. Na4 Ba7 19. Rd1
Bb7 20. Bg2 Rfc8 21. b3 Bc6 22. Nb2 a5 23. Rhe1 Nc5 24. Kb1 Bb5 25. Bg3 a4 26.
bxa4 Nxa4 27. Nxa4 Bxa4 28. Re2 Bb6 29. f4 Ba5 30. Be1 Bxe1 31. Rdxe1 Rab8+ 32.
Kc1 Rb4 33. Rf2 Rbc4 34. Ree2 Rc3 35. f5 d4 36. fxe6 fxe6 37. Bb7 R8c7 38. Ba6
d3 39. Bxd3 Rxd3 40. Rxe6 Rdc3 41. Ree2 g5 42. Rd2 Kg7 43. Rde2 Rf7 44. Rxf7+
Kxf7 45. Kb2 Rh3 46. c3 Bd7 47. Kb3 Bxg4 48. Rd2 Be6+ 0-1

[Event "Floripa Chess Open 2024"]
[Site "Florianopolis"]
[Date "2024.01.22"]
[Round "4.39"]
[White "Dos Santos Dutra, Fernando Junior Fre"]
[Black "Cavalcante, Adriano Nunes"]
[Result "1-0"]
[WhiteElo "2262"]
[BlackElo "1878"]
[PlyCount "87"]
[EventDate "2024.01.20"]
[EventRounds "10"]
[EventCountry "BRA"]

1. d4 d5 2. c4 e6 3. Nc3 Be7 4. cxd5 exd5 5. Bf4 c6 6. e3 Bf5 7. Bd3 Bxd3 8.
Qxd3 Nf6 9. Nge2 Nbd7 10. h3 O-O 11. O-O Nb6 $146 ({RR} 11... Re8 12. Bh2 a5
13. Rad1 Bf8 14. Qc2 b5 15. a4 b4 16. Nb1 Rc8 17. Nd2 c5 18. dxc5 Nxc5 19. Nd4
Qd7 20. N2b3 Nxa4 21. Qe2 Ne4 22. Nxa5 Bd6 23. Bxd6 Qxd6 24. Nab3 Nb6 25. Qg4
g6 26. Nd2 {Pichot,A (2650)-Belov,A (2421) chess.com INT 2023 1-0 (31)}) ({RR} 
11... Re8 12. f3 b5 13. a3 a5 14. e4 Nb6 15. e5 Nfd7 16. Bc1 b4 17. axb4 axb4
18. Rxa8 Qxa8 19. Nd1 c5 20. f4 Bf8 21. Kh2 Qa2 22. Ne3 c4 23. Qd1 Qb3 24. Qe1
f6 25. Rf3 Qa4 26. Qh4 {Mamedyarov,S (2800)-Topalov,V (2749) Paris 2017 1-0  
(35)}) ({RR} 11... Re8 12. Rad1 Nf8 13. f3 Ng6 14. Bh2 c5 15. Kh1 Qa5 16. dxc5
Qxc5 17. Nxd5 Nxd5 18. Qxd5 Qxe3 19. Nc3 Bf6 20. Ne4 Qb6 21. Nd6 Re7 22. Rfe1
Rd7 23. Qf5 Rad8 24. Re8+ Nf8 25. Rxd8 Qxd8 26. Rd2 {Wang,D (2225)-Zhao,X  
(2490) China 2010 0-1 (57)}) 12. f3 Bd6 13. Bg5 h6 14. Bh4 Be7 15. a4 a5 16. b3
Nfd7 17. Bg3 f5 18. Nf4 Rf6 19. e4 dxe4 20. fxe4 fxe4 21. Nxe4 Rf7 22. Ne6
Rxf1+ 23. Rxf1 Qc8 24. Nd6 Bxd6 25. Qg6 Bf8 26. Rxf8+ Qxf8 27. Nxf8 Rxf8 28.
Qe6+ Rf7 29. Bd6 Nf8 30. Qe1 Nd5 31. Qxa5 Ne6 32. Qa8+ Kh7 33. Qe8 Rf6 34. Be5
Rg6 35. Qf7 b6 36. h4 h5 37. Qf3 Kh6 38. g3 Rg4 39. Qf7 Nxd4 40. Bxd4 Rxd4 41.
Qe6+ Kh7 42. Qxc6 g6 43. b4 Nxb4 44. Qxb6 1-0

[Event "Floripa Chess Open 2024"]
[Site "Florianopolis"]
[Date "2024.01.22"]
[Round "4.40"]
[White "Paz, Martin"]
[Black "Pires, Marcos Vinicius Tor"]
[Result "1/2-1/2"]
[WhiteElo "1880"]
[BlackElo "2253"]
[PlyCount "124"]
[EventDate "2024.01.20"]
[EventRounds "10"]
[EventCountry "BRA"]

1. e4 e5 2. Nf3 Nc6 3. d4 exd4 4. Nxd4 Bc5 5. Nb3 Bb6 6. Nc3 Nf6 7. Qe2 O-O 8.
Be3 Re8 9. f3 d6 10. O-O-O Be6 11. Kb1 Qe7 12. g4 ({RR} 12. Qd2 Bxe3 13. Qxe3
Rad8 14. Bd3 d5 15. exd5 Nxd5 16. Nxd5 Bxd5 17. Qxe7 Nxe7 18. Rhe1 g6 19. Nc5
Bc6 20. Ne4 Kg7 21. Nc3 a6 22. a3 Nd5 23. Nxd5 Rxe1 24. Rxe1 Rxd5 25. Kc1 Kf6
26. Kd2 Rh5 {Bordin,S (2030)-Walter,E (2037) Mali Losinj CRO 2023 1/2-1/2})
12... Rad8 13. g5 Nd7 14. h4 $146 ({RR} 14. f4 Bxe3 15. Qxe3 Nb6 16. Qg3 d5 17.
f5 d4 18. fxe6 dxc3 19. exf7+ Qxf7 20. Rxd8 Rxd8 21. Bb5 cxb2 22. Rf1 Qe7 23.
g6 hxg6 24. Bxc6 bxc6 25. Qxg6 Rd6 26. Qg4 Nc4 27. Qe2 Ne5 28. Qa6 c5 {
Nurgaliyev,S (1803)-De Vleeschauwer,M (2198) Veliko Gradiste SRB 2021 0-1 (40)}
) ({RR} 14. f4 f5 15. Bh3 Qf7 16. Rhg1 g6 17. Rg3 fxe4 18. Bxe6 Rxe6 19. Nd5
Ne7 20. Nxb6 Nxb6 21. Bxb6 axb6 22. Nd4 Nf5 23. Nxe6 Qxe6 24. Ra3 d5 25. Re1
Re8 26. Qg4 d4 27. h4 c5 28. h5 Ng7 {Sukandar,I (2418)-Lacrosse,M (2225)
Vlissingen 2016 1-0 (43)}) 14... Bxe3 15. Qxe3 Nb6 16. Bb5 a6 17. Bxc6 bxc6 18.
Nd4 Bd7 19. b3 Rb8 20. Ka1 a5 21. Rhe1 a4 22. f4 c5 23. Ndb5 axb3 24. cxb3 Bxb5
25. Nxb5 c4 26. Rb1 Nd5 27. Qd4 Nxf4 28. bxc4 Ne6 29. Qd5 Nc5 30. Nc3 Qd7 31.
Rxb8 Rxb8 32. Rb1 Re8 33. e5 Qh3 34. Ne4 Nxe4 35. Qxe4 Qc3+ 36. Rb2 Rb8 37. Qc2
Qe1+ 38. Qb1 Qxe5 39. a4 Rb4 40. Qc2 Kf8 41. Ka2 Rxb2+ 42. Qxb2 Qxb2+ 43. Kxb2
Ke7 44. Kc3 Kd7 45. Kd4 c6 46. h5 Kc7 47. h6 gxh6 48. gxh6 Kb6 49. Ke4 Kc5 50.
a5 d5+ 51. cxd5 cxd5+ 52. Ke5 d4 53. Ke4 f5+ 54. Kd3 f4 55. a6 Kb6 56. Kxd4
Kxa6 57. Ke4 Kb6 58. Kxf4 Kc7 59. Kf5 Kd7 60. Kf6 Ke8 61. Kg7 Ke7 62. Kxh7 Kf7
1/2-1/2

[Event "Floripa Chess Open 2024"]
[Site "Florianopolis"]
[Date "2024.01.22"]
[Round "4.41"]
[White "Frattini, Beatriz Maria"]
[Black "Contin, Daniel"]
[Result "0-1"]
[WhiteElo "1873"]
[BlackElo "2203"]
[PlyCount "62"]
[EventDate "2024.01.20"]
[EventRounds "10"]
[EventCountry "BRA"]

1. e4 e6 2. d4 d5 3. Nc3 Bb4 4. e5 c5 5. a3 Bxc3+ 6. bxc3 Ne7 7. Qg4 O-O 8. Bd3
f5 9. exf6 Rxf6 10. Bg5 Nd7 11. Qh4 h6 12. Bxf6 Nxf6 13. Nf3 c4 14. Be2 Qa5 15.
O-O Qxc3 16. Rfc1 Nf5 17. Qf4 Ne4 18. Qe5 Bd7 19. g4 Nfd6 20. Qf4 Rf8 21. Qe3
Qxe3 $146 ({RR} 21... Ba4 22. Kf1 Qxe3 23. fxe3 Nc3 24. Ke1 Nde4 25. Nd2 Nxe2
26. Nxe4 Nxc1 27. Nc5 Bxc2 28. Rxc1 Bh7 29. Nxb7 Rf3 30. Rc3 Rh3 31. Nd8 Bd3
32. Kf2 Rxh2+ 33. Kf3 Be4+ 34. Kf4 Rc2 35. Rxc2 Bxc2 36. Nxe6 {Rios Escobar,A 
(2235)-Riffo Paz,E (2299) Santiago de Chile 2005 0-1 (52)}) 22. fxe3 Nc3 23.
Kf2 e5 24. dxe5 Nde4+ 25. Ke1 Nxe2 26. Kxe2 Bxg4 27. Rf1 Rf5 28. a4 b6 29. Ra3
Kf7 30. Raa1 Ke6 31. Ra3 Ng5 0-1

[Event "Floripa Chess Open 2024"]
[Site "Florianopolis"]
[Date "2024.01.22"]
[Round "4.42"]
[White "Marra, Eduardo Da Costa"]
[Black "De Paula, Luan Araujo"]
[Result "1-0"]
[WhiteElo "2189"]
[BlackElo "1863"]
[PlyCount "57"]
[EventDate "2024.01.20"]
[EventRounds "10"]
[EventCountry "BRA"]

1. e4 {Lukacs,P} c6 2. d4 d5 3. e5 Bf5 4. Nf3 e6 5. Be2 c5 6. c3 Nc6 7. O-O Be7
({RR} 7... cxd4 8. Nxd4 ({RR} 8. cxd4 Nge7 9. a3 ({RR} 9. Nc3) ({RR} 9. b3))
8... Nge7 ({RR} 8... Nxe5 9. Bb5+) ({RR} 8... Bxb1 9. Nxc6 ({RR} 9. Rxb1 Nge7 (
{RR} 9... Nxe5 10. Bb5+ Nd7) 10. f4 Nxd4 11. cxd4 g6 12. Qa4+ Nc6 13. Bd2 Qb6
14. Bb5 a6 15. Bxc6+ Qxc6 16. Qb3 Qc4 17. Qxb7 Qc8 18. Qxc8+ Rxc8 19. Rfc1)
9... bxc6 10. Qa4 Qd7 11. Rxb1) ({RR} 8... Bg6 9. f4 ({RR} 9. Nd2 Nxe5 ({RR} 
9... Nge7 10. f4) 10. f4 ({RR} 10. Bb5+ Nd7) 10... Nc6 ({RR} 10... Nd3 11. f5
Nxc1 12. Bb5+) 11. f5 Bxf5 ({RR} 11... Nxd4 12. cxd4 Bxf5 13. Rxf5 exf5 14.
Bb5+ Ke7 15. Qe1+ Kf6 16. Nf3) 12. Nxf5 exf5 13. Rxf5 Nf6) ({RR} 9. Bb5 Nge7
10. Bg5)) 9. Nxf5 Nxf5 10. Bd3 Be7 ({RR} 10... g6 11. Qe2 ({RR} 11. Re1 Bc5)
11... h5 12. Nd2 Bc5 13. Nf3 Nh4 14. Ne1 g5 15. Kh1 f5 16. exf6 Qxf6 17. f4 g4
18. Be3 Bxe3 19. Qxe3 O-O-O) 11. Re1 d4 ({RR} 11... O-O 12. Nd2 ({RR} 12. Qg4
Qd7) ({RR} 12. Bxf5 exf5 13. Qd3 Qd7 ({RR} 13... g6 14. Bh6) 14. Qg3 Qe6) 12...
d4 13. c4 Nb4 14. Nf3 Nxd3 15. Qxd3) 12. a3 ({RR} 12. c4 Nb4 13. Be4 d3 14.
Qa4+ ({RR} 14. Bxb7 Rb8) ({RR} 14. Na3 Qd7) 14... Kf8 15. Rd1 Qd4) ({RR} 12.
Be4 dxc3 13. Nxc3 ({RR} 13. Bxc6+ bxc6 14. Nxc3 Qxd1 15. Rxd1 O-O) ({RR} 13.
Qxd8+ Rxd8 14. Nxc3 Nxe5 15. Bxb7 Nd3) 13... O-O ({RR} 13... Qc7 14. Bxf5 exf5
15. Nd5) ({RR} 13... Nxe5 14. Bxf5) 14. Bxf5 exf5 ({RR} 14... Qxd1 15. Bxh7+)
15. Nd5) 12... dxc3 13. Nxc3 O-O 14. Qf3 ({RR} 14. Bxf5 exf5 15. Nd5 Bc5) 14...
Nh4 ({RR} 14... Ncd4 15. Qh3) 15. Qe4 Ng6 16. f4 Qb6+ ({RR} 16... Qd4+ 17. Be3
Qxe4 18. Bxe4) 17. Kf1 ({RR} 17. Kh1 Rfd8) ({RR} 17. Be3 Qxb2 ({RR} 17... Bc5)
18. Nb5 Qb3 19. Rab1 Qd5) 17... Rfd8 18. g3 Na5 ({RR} 18... Nd4 19. Be3) 19.
Rb1 ({RR} 19. b4 Qc6 ({RR} 19... Rd4 20. bxa5) ({RR} 19... Qd4 20. Qxd4 Rxd4
21. Bxg6) ({RR} 19... Nb3 20. Be3 ({RR} 20. Rb1 Nxc1)) 20. Qxc6 Nxc6 21. Be4)
19... Rac8 ({RR} 19... Nb3 20. Be3 Bc5 21. Rbd1 ({RR} 21. Na4 Qa5 ({RR} 21...
Bxe3 22. Nxb6 Nd2+ 23. Ke2 Nxe4 24. Nxa8) ({RR} 21... Qc6 22. Qxc6 bxc6 23.
Bxg6 Bxe3 24. Rxe3 Nd2+ 25. Ke2 hxg6 26. Rc1) ({RR} 21... Qc7 22. Qc4))) 20.
Be3 ({RR} 20. b4 Rxc3 21. bxa5 Qc6 ({RR} 21... Qxa5 22. Bd2 Qxa3 23. Bxc3 Qxc3
24. Red1) 22. Qxc6 bxc6) 20... Qb3 ({RR} 20... Bc5 21. Na4) 21. Bxa7 Bxa3 22.
Re2 {Ivanchuk,V (2710)-Anand,V (2780) Linares 1999 CBM 070 [Lukacs,P] 1/2-1/2}
({RR} 22. bxa3 Qxc3) {RR} 22... Bxb2 23. Rbxb2 Qxc3 24. Rec2 Qa3 25. Ra2) 8.
Na3 $146 ({RR} 8. Be3 Qb6 9. dxc5 Bxc5 10. Bxc5 Qxc5 11. Nbd2 Nge7 12. Re1 O-O
13. Rc1 Qb6 14. b4 Ng6 15. Bf1 Bg4 16. h3 Bxf3 17. Nxf3 Rfd8 18. b5 Na5 19. h4
h6 20. h5 Ne7 21. Nd4 Rac8 22. Bd3 Nc4 {Lupu,S (2205)-Grigore,G (2430)
Odorheiu Secuiesc 1992 0-1 (49)}) ({RR} 8. dxc5 Bxc5 9. b4 Be7 10. b5 Na5 11.
a4 Rc8 12. Ba3 Bxa3 13. Rxa3 Ne7 14. Nbd2 O-O 15. Qa1 Qc7 16. Re1 Ng6 17. Bf1
Nf4 18. g3 Nd3 19. Bxd3 Bxd3 20. Re3 Bc4 21. Nxc4 Nxc4 22. Rd3 Nxa3 {Jin,
H-Jiang,Q (2238) Qiziwan CHN 2023 0-1 (32)}) ({RR} 8. Be3 cxd4 9. cxd4 f6 10.
Nc3 fxe5 11. Nxe5 Nxe5 12. dxe5 a6 13. Bg4 Bxg4 14. Qxg4 Kf7 15. Rac1 Nh6 16.
Bxh6 gxh6 17. Qh5+ Kg7 18. Ne2 Rf8 19. Nd4 Qb6 20. Qg4+ Kh8 21. Nxe6 Rg8 22.
Qh3 Rg6 {Meizinger,M (1615)-Sauter,C (1835) Hockenheim 1994 1-0 (44)}) 8... h5
9. Nc2 Nh6 10. dxc5 Bxc5 11. Ncd4 Be4 12. Ng5 Nxe5 13. Bb5+ Ke7 14. Ngxe6 Qd6
15. Nxc5 Qxc5 16. f3 Bg6 17. Re1 f6 18. f4 Be4 19. Be3 Qd6 20. fxe5 fxe5 21.
Bg5+ Kf8 22. Rxe4 dxe4 23. Qb3 g6 24. Rf1+ Kg7 25. Rf6 Qc5 26. Qe6 exd4 27.
Rxg6+ Kf8 28. Bxh6+ Rxh6 29. Rg8# 1-0

[Event "Floripa Chess Open 2024"]
[Site "Florianopolis"]
[Date "2024.01.22"]
[Round "4.43"]
[White "Da Silva De Sena, Jefferson Ryan F"]
[Black "Tomiello, Mateus Costamilan"]
[Result "0-1"]
[WhiteElo "1867"]
[BlackElo "2151"]
[PlyCount "102"]
[EventDate "2024.01.20"]
[EventRounds "10"]
[EventCountry "BRA"]

1. c4 c6 2. g3 d5 3. cxd5 cxd5 4. Bg2 Nc6 5. Nf3 Nf6 6. O-O Bg4 7. d3 e6 8. h3
({RR} 8. Nc3 Be7 9. Bf4 O-O 10. Ne5 Nxe5 11. Bxe5 Qb6 12. h3 Bh5 13. Qd2 Rac8
14. e3 {1/2-1/2 (14) Lein,A (2520)-Shamkovich,L (2515) Greenville 1980}) ({RR} 
8. Bf4 Bd6 9. Bxd6 Qxd6 10. Nc3 O-O 11. a3 a6 12. Rc1 b5 13. Qd2 Bxf3 14. Bxf3
Nd4 15. Qe3 Nb3 16. Rc2 Rac8 17. d4 Na5 18. Qd3 Rc4 19. Nb1 Rfc8 20. Rfc1 g6
21. b3 R4c6 22. Kg2 R8c7 {Rangel,D (2176)-Wu,D (2255) chess.com INT 2023 1-0  
(50)}) 8... Bh5 9. Bg5 $146 ({RR} 9. Nc3 Bd6 10. Bd2 O-O 11. Rc1 Qe7 12. Nb5
Bc5 13. Bf4 a6 14. d4 Bb4 15. Nc3 Ba5 16. g4 Bg6 17. Ne5 Nxe5 18. Bxe5 Nd7 19.
Bh2 h5 20. e3 hxg4 21. hxg4 Rac8 22. Ne2 Nb6 23. Nf4 Bh7 {Djuric,P (2000)
-Kralj,M (1786) Ljubljana 2013 1-0 (44)}) 9... h6 10. Bd2 Bc5 11. Nc3 O-O 12.
Rc1 Qe7 13. Na4 Bd6 14. d4 Ne4 15. Be1 Rac8 16. Nc3 f5 17. e3 Kh8 18. a3 Qf6
19. Qb3 Na5 20. Qd1 Nc4 21. Rc2 a6 22. Qc1 b5 23. Nb1 Qe7 24. Ne5 Bxe5 25. dxe5
Qd7 26. Bb4 Rfe8 27. Bxe4 dxe4 28. Bc3 Nb6 29. Rd2 Nd5 30. Qe1 Bf3 31. Bd4 Qf7
32. Nc3 Nxc3 33. Bxc3 Qh5 34. Kh2 Bg4 35. Rh1 Bxh3 36. Kg1 Qg4 37. Rd7 h5 38.
Qd1 Qxd1+ 39. Rxd1 Bg4 40. Rd4 Bf3 41. Rh4 Red8 42. g4 Bxg4 43. Kg2 Rxd4 44.
exd4 g5 45. Rh2 Bf3+ 46. Kf1 Kg7 47. Ke1 Kg6 48. Kd2 f4 49. Bb4 g4 50. Bc5 e3+
51. fxe3 g3 0-1

[Event "Floripa Chess Open 2024"]
[Site "Florianopolis"]
[Date "2024.01.22"]
[Round "4.45"]
[White "Nemeth Junior, Henrique"]
[Black "Hirano, Enzo Erich Kreutz"]
[Result "1-0"]
[WhiteElo "2147"]
[BlackElo "1861"]
[PlyCount "93"]
[EventDate "2024.01.20"]
[EventRounds "10"]
[EventCountry "BRA"]

1. c4 c5 2. Nc3 Nc6 3. Nf3 g6 4. e3 Bg7 5. d4 d6 6. d5 Ne5 7. Nxe5 Bxe5 8. Be2
Bxc3+ 9. bxc3 Nf6 10. O-O O-O 11. f3 e5 12. e4 Nh5 13. Bh6 Ng7 14. f4 $146 ({RR
} 14. Qd2 f5 15. exf5 Bxf5 16. f4 e4 17. g4 Bd7 18. Qe3 Qa5 19. Kh1 Rf7 20. f5
Raf8 21. fxg6 hxg6 22. Bf4 Rf6 23. Bxd6 Rxf1+ 24. Bxf1 Rf3 25. Qxe4 Qxc3 26.
Re1 Rf2 27. Be5 Qd2 28. Bg3 Rf7 {Donaldson,J (2400)-Trubman,A USA 1990 1-0 (36)
}) 14... exf4 15. Bxf4 f6 16. Qd3 Qe7 17. Qg3 Rd8 18. Rae1 g5 19. Bd2 Rf8 20.
h4 h6 21. hxg5 hxg5 22. Qh2 Bd7 23. Qh6 Ne8 24. Bd3 Qg7 25. Qh5 Rd8 26. e5 dxe5
27. Bxg5 Bg4 28. Qxg4 Qxg5 29. Qxg5+ fxg5 30. Rxe5 Rxf1+ 31. Kxf1 Nd6 32. Rxg5+
Kf7 33. Re5 b5 34. cxb5 c4 35. Be2 Nxb5 36. Bxc4 Nxc3 37. Re3 Nd1 38. Ra3 Re8
39. Rxa7+ Kf6 40. Bb3 Ne3+ 41. Kf2 Nf5 42. Ra6+ Kg5 43. Bc2 Nd4 44. Bd3 Re5 45.
Rg6+ Kh5 46. g4+ Kh4 47. d6 1-0

[Event "Floripa Chess Open 2024"]
[Site "Florianopolis"]
[Date "2024.01.22"]
[Round "4.46"]
[White "Fischer, Ivo Lucio"]
[Black "Jordao Barbosa, Marcio"]
[Result "0-1"]
[WhiteElo "1860"]
[BlackElo "2146"]
[PlyCount "70"]
[EventDate "2024.01.20"]
[EventRounds "10"]
[EventCountry "BRA"]

1. d4 d5 2. c4 e6 3. Nc3 Nf6 4. cxd5 exd5 5. Bg5 Be7 6. e3 O-O 7. Bd3 Be6 8.
Qc2 h6 9. Bh4 c5 10. dxc5 Bxc5 11. Nf3 Nc6 12. O-O Be7 13. a3 d4 $146 ({RR} 
13... Rc8 14. Rfd1 Qb6 15. Be2 Rfd8 16. Qd3 d4 17. exd4 g5 18. Bg3 g4 19. d5
Bxd5 20. Nd4 Bb3 21. Nxc6 Qxc6 22. Qe3 Bxd1 23. Bxd1 Qe6 24. Qxe6 fxe6 25. Bb3
Kf7 26. Re1 Nd5 27. Ne4 Rc6 28. Be5 {Michalski,F (2166)-Skomial,M (2039)
Szklarska Poreba 2017 0-1 (37)}) 14. Rad1 g5 15. Bg3 dxc3 16. Bh7+ Nxh7 17.
Rxd8 Rfxd8 18. bxc3 Rac8 19. Qa4 Nf6 20. h4 g4 21. Ne5 Nh5 22. Nxc6 bxc6 23.
Qxa7 Bf6 24. Rc1 Nxg3 25. fxg3 Rd2 26. e4 Rcd8 27. Qe3 Kg7 28. Qc5 Re2 29. Qxc6
Rdd2 30. a4 Be5 31. a5 Rxg2+ 32. Kh1 Bxg3 33. a6 Bf4 34. Re1 Rh2+ 35. Kg1 g3
0-1

[Event "Floripa Chess Open 2024"]
[Site "Florianopolis"]
[Date "2024.01.22"]
[Round "4.47"]
[White "Azevedo, Edmundo"]
[Black "Silva, Kaua Marques"]
[Result "0-1"]
[WhiteElo "1860"]
[BlackElo "2142"]
[PlyCount "57"]
[EventDate "2024.01.20"]
[EventRounds "10"]
[EventCountry "BRA"]

1. d4 d5 2. Bf4 Nf6 3. e3 e6 4. Nf3 Bd6 5. Bg5 c5 6. c3 Nbd7 7. Bd3 O-O 8. O-O
e5 9. dxe5 Nxe5 10. Be2 Be6 $146 ({RR} 10... Nxf3+ 11. Bxf3 Be6 12. Nd2 h6 13.
Bh4 g5 14. Bg3 Bxg3 15. hxg3 g4 16. Be2 c4 17. Qc2 Qd7 18. e4 Rad8 19. exd5 Bf5
20. Qc1 b5 21. Rd1 Rfe8 22. Re1 Qxd5 23. Nf1 Kg7 24. Ne3 Qc5 25. a4 {Azevedo,E
(1860)-Da Silva,L (1435) Florianopolis BRA 2024 1-0 (31)}) 11. Nxe5 Bxe5 12.
Bf3 Qb6 13. Qb3 Ne4 14. Bxe4 dxe4 15. Qxb6 axb6 16. Nd2 f5 17. Nb3 Ra4 18. Rfd1
h6 19. Bf4 Bxf4 20. exf4 Rfa8 21. Nc1 Bxa2 22. Nxa2 Rxa2 23. Rab1 Kf8 24. Kf1
Ke7 25. Ke2 Ke6 26. Rd2 R2a5 27. Kd1 Ra1 28. Kc2 Rxb1 29. Kxb1 0-1

[Event "Floripa Chess Open 2024"]
[Site "Florianopolis"]
[Date "2024.01.22"]
[Round "4.49"]
[White "Pessoa, Marcio De Souza"]
[Black "Do Nascimento, Christian Almeida"]
[Result "0-1"]
[WhiteElo "1846"]
[BlackElo "2123"]
[PlyCount "72"]
[EventDate "2024.01.20"]
[EventRounds "10"]
[EventCountry "BRA"]

1. e4 c5 2. Nf3 g6 3. c3 d5 4. e5 Bg4 5. d4 Bxf3 6. Qxf3 e6 7. Bb5+ Nc6 8. O-O
Rc8 9. Rd1 $146 ({RR} 9. Bf4 Bg7 10. dxc5 Nge7 11. Nd2 O-O 12. Rfe1 a5 13. Nb3
Qc7 14. Qe2 Ra8 15. a4 Nb8 16. h4 Nd7 17. Bxd7 Qxd7 18. h5 Rfb8 19. Qd2 b5 20.
cxb6 Rxb6 21. Nd4 Nf5 22. Nxf5 exf5 23. b4 axb4 {Vidic,T (2099)-Stanford,S  
(2097) Chennai IND 2022 1/2-1/2 (37)}) 9... Qb6 10. a4 a6 11. Bxc6+ Qxc6 12. h4
cxd4 13. cxd4 h5 14. Nc3 Bh6 15. Be3 Qd7 16. Rac1 Bxe3 17. fxe3 Nh6 18. e4 Rd8
19. Qf6 O-O 20. exd5 exd5 21. Ne2 Qg4 22. Re1 Nf5 23. Qg5 Qxg5 24. hxg5 Rc8 25.
Rc5 Nxd4 26. Rxd5 Ne6 27. Rd7 b5 28. axb5 axb5 29. Nc3 Rfd8 30. Rxd8+ Rxd8 31.
Nxb5 Rb8 32. Nd6 Rxb2 33. Ne4 Kg7 34. Rf1 Re2 35. Nf2 Rxe5 36. Ra1 Rxg5 0-1

[Event "Floripa Chess Open 2024"]
[Site "Florianopolis"]
[Date "2024.01.22"]
[Round "4.50"]
[White "De Oliveira, Jairo Quintiliano"]
[Black "Madeira, Wagner Martins"]
[Result "0-1"]
[WhiteElo "1840"]
[BlackElo "2122"]
[PlyCount "100"]
[EventDate "2024.01.20"]
[EventRounds "10"]
[EventCountry "BRA"]

1. e4 c5 2. Nf3 d6 3. d4 cxd4 4. Nxd4 Nf6 5. Nc3 g6 6. Be3 Bg7 7. f3 O-O 8. Qd2
Nc6 9. Bc4 Nxd4 10. Bxd4 Be6 11. Bb3 Qa5 12. O-O Rfc8 ({RR} 12... Nd7 13. Bxg7
Kxg7 14. Rad1 Nf6 15. Qd4 Rac8 16. Rfe1 Qc5 17. e5 dxe5 18. Rxe5 Qxd4+ 19. Rxd4
Bxb3 20. axb3 e6 21. Re2 a6 22. Kf2 Rc7 23. Ne4 Nd5 24. c3 a5 25. Rc4 Rd7 26.
Rd2 Rfd8 27. Rcd4 {Cuenca Jimenez,J (2524)-Giri,A (2780) chess24.com INT 2021
0-1 (50)}) 13. Rad1 Nd7 14. Bxg7 Kxg7 15. Nd5 $146 ({RR} 15. Kh1 Bxb3 16. axb3
Nf6 17. Rf2 Rc6 18. Qd4 Qc5 19. Rfd2 Qxd4 20. Rxd4 h5 21. h4 Rac8 22. Kg1 Rc5
23. Kf2 a6 24. R1d2 Kf8 25. Ke2 Ke8 {1/2-1/2 (25) Aghamaliyev,C (2481)-Abbasov,
F (2531) Julfa 2016}) ({RR} 15. f4 Bxb3 16. axb3 Qc5+ 17. Rf2 Nf6 18. Qe2 Rd8
19. Rd3 h5 20. h3 a6 21. Nd5 e6 22. b4 Qb5 23. Nc7 Qxb4 24. Nxa8 Rxa8 25. c3
Qxe4 26. Rxd6 h4 27. Rd4 Qf5 28. Qe5 Rc8 29. Qxf5 gxf5 {Paehtz,E (2477)
-Dzagnidze,N (2510) Saint Louis USA 2023 1-0 (50)}) ({RR} 15. f4 Nf6 16. Rde1
Rc5 17. Qd4 Qc7 18. e5 dxe5 19. fxe5 Nd7 20. Ne4 Qxe5 21. Qf2 Rc7 22. Bxe6 fxe6
23. Qf7+ Kh8 24. Qxe7 Rg8 25. Nd6 {1-0 (25) Harshavardhan,G (2426)-Dau Khuong
Duy (1993) Tagaytay City PHI 2022}) 15... Qxd2 16. Rxd2 Kf8 17. Ne3 a5 18. Bxe6
fxe6 19. a4 Rab8 20. Ra1 Nc5 21. b3 b5 22. axb5 Rxb5 23. Kf2 a4 24. bxa4 Ra5
25. Ke2 Nxa4 26. Kf2 Raa8 27. Rd4 Nc5 28. Rxa8 Rxa8 29. Rb4 Kf7 30. Rb6 e5 31.
Rc6 Ra2 32. Kf1 Ne6 33. Rc8 h5 34. h4 Ra1+ 35. Kf2 Rh1 36. Nd5 Nf4 37. Nxf4
exf4 38. Rc7 Rxh4 39. Kg1 g5 40. c4 g4 41. c5 dxc5 42. Rxc5 e6 43. Rg5 g3 44.
Ra5 Kf6 45. Ra8 Rh2 46. Rf8+ Ke5 47. Rg8 h4 48. Rg5+ Kd4 49. Rg6 h3 50. gxh3
Ke3 0-1

[Event "Floripa Chess Open 2024"]
[Site "Florianopolis"]
[Date "2024.01.22"]
[Round "4.51"]
[White "Zampronha, Wladimir Camilo"]
[Black "Perondi, Rodolfo Antonio"]
[Result "1-0"]
[WhiteElo "2121"]
[BlackElo "1840"]
[PlyCount "77"]
[EventDate "2024.01.20"]
[EventRounds "10"]
[EventCountry "BRA"]

1. e4 e5 2. Nf3 Nc6 3. d4 exd4 4. Nxd4 Bc5 5. Be3 Qf6 6. c3 Nge7 7. Bc4 Ne5 8.
Be2 d5 9. f4 Ng4 10. Bxg4 Qh4+ 11. Bf2 Qxg4 12. Qxg4 Bxg4 13. Nb5 Bxf2+ 14.
Kxf2 O-O-O 15. e5 Bd7 16. Nd4 c5 17. Nf3 $146 ({RR} 17. Nb3 b6 18. N1d2 Bc6 19.
Nf3 h6 20. Rhe1 Kc7 21. g4 a5 22. h4 Bb7 23. Rad1 Rhe8 24. h5 Bc8 25. Kg3 Rg8
26. f5 Rge8 27. Nc1 Nc6 28. Nd3 Ne7 29. Nf4 Bb7 30. e6 f6 31. Rd2 Rd6 {Lojek,M
(1932)-Olsar,J (2263) Orlova 2015 0-1 (73)}) 17... h6 18. Nbd2 Bc6 19. Rhe1
Rhe8 20. b4 cxb4 21. cxb4 d4 22. Ne4 Bxe4 23. Rxe4 d3 24. Rd1 Rd5 25. Rd4 Red8
26. R1xd3 Rxd4 27. Rxd4 Rxd4 28. Nxd4 Nd5 29. Kf3 Nxb4 30. a3 Nd3 31. Nf5 Ne1+
32. Ke4 Nxg2 33. Nxg7 b5 34. Nf5 a6 35. Nxh6 a5 36. Nxf7 b4 37. axb4 axb4 38.
Nd6+ Kd7 39. Nc4 1-0

[Event "Floripa Chess Open 2024"]
[Site "Florianopolis"]
[Date "2024.01.22"]
[Round "4.52"]
[White "Viana, Daniel Fernandes"]
[Black "Casalaspro, Mathias Andre"]
[Result "1-0"]
[WhiteElo "1830"]
[BlackElo "2121"]
[PlyCount "53"]
[EventDate "2024.01.20"]
[EventRounds "10"]
[EventCountry "BRA"]

1. c4 Nf6 2. Nc3 g6 3. e4 Bg7 4. d4 O-O 5. h3 c6 6. Bd3 d5 7. cxd5 cxd5 8. e5
Ne8 9. Nf3 Nc6 10. O-O Nc7 11. Be3 $146 ({RR} 11. Re1 Rb8 12. Be3 b5 13. Rc1
Na5 14. b3 Bd7 15. Qd2 b4 16. Ne2 Rb6 17. Nf4 e6 18. h4 Nc6 19. h5 Nb5 20. Ne2
Be8 21. Bg5 Ne7 22. Qxb4 f6 23. exf6 Bxf6 24. Bxf6 Rxf6 25. hxg6 Nxg6 {Ledger,
A (2387)-Bukojemski,A (2243) England 2016 1-0 (42)}) 11... f6 12. exf6 exf6 13.
Qd2 Be6 14. Rac1 Qd7 15. Na4 f5 16. Nc5 Qc8 17. Bf4 Bf7 18. b4 Nxd4 19. Nxd4
Bxd4 20. Nb3 Bb6 21. a4 Qd7 22. a5 Ne6 23. axb6 axb6 24. Be5 d4 25. Bc4 b5 26.
Bxe6 Qxe6 27. Rfe1 1-0